Wales Quiz - Statistics

General Stats
  • This quiz has been taken 47 times
  • The average score is 7 of 15
Answer Stats
Hint Answer % Correct
Capital city of Wales Cardiff
98%
National sport of Wales Rugby
80%
Smallest city in Wales (and the U.K.); as well as Wales' patron saint St David's
71%
Wales' largest island Anglesey
66%
Ancient people who occupied Wales and much of Western Europe; from whom the Welsh language developed The Celts
54%
Name of Wales' second biggest city, in Welsh Abertawe
44%
Population of Wales, to the nearest million 3,000,000
41%
Current First Minister of Wales Carwyn Jones
39%
Welsh name for the Red Dragon Y Ddraig Goch
39%
Scorer of the famous goal which put Wales up 2-1 against Belgium in the Euro 2016 football tournament quarter-finals Hal Robson-Kanu
34%
Tallest mountain in South Wales Pen y Fan
34%
Welsh town famous for its annual book festival Hay-on-Wye
32%
Official motto of Wales Cymru am Byth
27%
Name of Wales' national anthem Mae Hen Wlad Fy Nhadau
20%
(Very Hard) Name of the Welsh village, home to the longest railway station name in the U.K. Llanfairpwllgwyngyllgogerychwyrndrobwll-Llantysiliogogogoch
17%
No matching quizzes found
Score Distribution
Percent of People with Each Score
Percentile by Number Answered
Your Score History
You have not taken this quiz